Stare flagi obecnych państw - Statystyki

Ogólne statystyki
  • Ten quiz został rozwiązany 72 razy
  • Średni wynik to 7 z 12
Statystyki odpowiedzi
Obrazkowy Odpowiedź % Poprawnych
Arabia
98%
Polska
93%
Kanada
77%
Grecja
75%
Kambodża
75%
Wenezuela
67%
Norwegia
52%
Belgia
46%
Tadżykistan
39%
Irak
36%
Chiny
28%
Kenia
8%
Nie znaleziono quizów pasujących do podanych kryteriów
Rozkład punktacji
Procent ludzi z każdym wynikiem
Percentyl według liczby udzielonych odpowiedzi
Twoja historia wyników
Nie rozwiązałeś tego quizu